000 01026cab a2200241 4500
001 ABS51678
008 090401t1994 xxu||||| |||| 00| 0 eng d
035 _a(Sirsi) u39220
041 _aeng
100 _aSmith, V.P.
245 _aComplex structures: where the exception can complicate the rules
260 _c1994
350 _a0
490 _aContract Journal
_v376(6001) 17 November 1994, 16(1)
520 _aDiscusses the complex structure theory in relation to "Jacobs v Morton & Partners" where remedial works to foundations were ineffective and the house had to be demolished and rebuilt. J claimed that under the theory the piled raft foundation should be treated as separate from the rest of the house.
650 _aCOMPLEX STRUCTURE THEORY
650 _aBUILT ENVIRONMENT-BUILDING ELEMENTS-COMPLETE BUILDING ELEMENTS-FOUNDATIONS
650 _aJACOBS V MORTON & PARTNERS
650 _aREMEDIAL WORKS
690 _aBUILDING AND CONSTRUCTION-DEFECTS AND FAILURES
942 _n0
948 _c04/03/1997
999 _c25168
_d25168